[Event "Xtracon Chess Open 2017"]
[Site "Helsingor DEN"]
[Date "2017.07.22"]
[Round "1.80"]
[White "Jacobsen, Mikkel Manosri"]
[Black "Christophersen, David"]
[Result "1-0"]
[WhiteTitle "FM"]
[WhiteElo "2247"]
[BlackElo "1741"]
[WhiteFideId "1444514"]
[BlackFideId "1413619"]
[EventDate "2017.07.22"]

1. d4 f5 2. Bg5 Nf6 3. Nc3 e6 4. e4 fxe4 5. Nxe4 Be7 6. Bxf6 Bxf6 7. Nf3 b6 8.
c3 Bb7 9. Qc2 O-O 10. Bd3 h6 11. O-O-O a5 12. h4 d5 13. Nxf6+ Qxf6 14. Bh7+ Kf7
15. Rh3 Nd7 16. Re1 Ke7 17. Rg3 Rf7 18. Bg6 Qf4+ 19. Kb1 Rf6 20. Bd3 Kf8 21. Qa4
Nc5 22. Qa3 1-0

[Event "Xtracon Chess Open 2017"]
[Site "Helsingor DEN"]
[Date "2017.07.22"]
[Round "1.81"]
[White "Winther, Bjarke Rosenborg"]
[Black "Solberg, Joachim"]
[Result "0-1"]
[BlackTitle "CM"]
[WhiteElo "1741"]
[BlackElo "2237"]
[WhiteFideId "1447173"]
[BlackFideId "1502930"]
[EventDate "2017.07.22"]

1. e4 c5 2. Nf3 e6 3. d4 cxd4 4. Nxd4 Bc5 5. c3 a6 6. Be3 Qc7 7. Qg4 g6 8. Nd2
d6 9. Qg3 Nd7 10. Be2 b5 11. f4 e5 12. fxe5 dxe5 13. N4b3 Bxe3 14. Qxe3 Bb7 15.
O-O Ngf6 16. Kh1 h5 17. a4 bxa4 18. Rxa4 O-O 19. Qg5 Kg7 20. Bf3 Rae8 21. Rfa1
Re6 22. Be2 Ra8 23. Na5 Rb6 24. Nxb7 Qxb7 25. b3 Nc5 26. Rc4 Nxb3 27. Nxb3 Rxb3
28. Rf1 Qb6 29. Qxe5 Re8 30. Qf4 Rb1 31. Rb4 Rxf1+ 32. Bxf1 Qe6 33. Bd3 a5 34.
Ra4 Ng4 35. h3 Qb3 36. Bc4 Qd1+ 37. Qf1 Rxe4 38. Qxd1 Nf2+ 39. Kg1 Nxd1 40. Bb3
Rxa4 41. Bxa4 Nxc3 42. Bb3 a4 0-1

[Event "Xtracon Chess Open 2017"]
[Site "Helsingor DEN"]
[Date "2017.07.22"]
[Round "1.82"]
[White "Kolvig, Bent"]
[Black "Verboven, Arnout"]
[Result "0-1"]
[WhiteElo "2230"]
[BlackElo "1739"]
[WhiteFideId "1400746"]
[BlackFideId "236012"]
[EventDate "2017.07.22"]

1. c4 Nf6 2. Nc3 e6 3. g3 c5 4. Nf3 Be7 5. Bg2 O-O 6. O-O d6 7. d4 Nbd7 8. b3
Rb8 9. Bb2 a6 10. a4 b6 11. e4 cxd4 12. Nxd4 Bb7 13. Re1 Qc7 14. Rc1 Rfd8 15. h3
Rbc8 16. f4 Qc5 17. Kh2 Ba8 18. Qe2 e5 19. Nf5 Bf8 20. Nd5 Bxd5 21. cxd5 Qb4 22.
Qxa6 Rxc1 23. Rxc1 g6 24. fxe5 Nxe5 25. Nd4 Bh6 26. Rc8 Rf8 27. Bc3 Qa3 28.
Rxf8+ Kxf8 29. Qxb6 Nfg4+ 30. hxg4 Nxg4+ 31. Kh3 Nf2+ 32. Kh4 Bg5+ 33. Kxg5 Qc1+
34. Kf6 Ng4# 0-1

[Event "Xtracon Chess Open 2017"]
[Site "Helsingor DEN"]
[Date "2017.07.22"]
[Round "1.83"]
[White "Solli, Oddvar"]
[Black "Christensen, Thomas2"]
[Result "0-1"]
[WhiteElo "1738"]
[BlackElo "2229"]
[WhiteFideId "1501208"]
[BlackFideId "1407635"]
[EventDate "2017.07.22"]

1. Nf3 d5 2. c4 c6 3. b3 Nf6 4. g3 Bg4 5. Ne5 Bh5 6. Bg2 dxc4 7. Nxc4 Nbd7 8.
Bb2 Qc7 9. O-O e5 10. d3 Bc5 11. Nbd2 O-O 12. Nf3 Rfe8 13. Qc2 e4 14. dxe4 Nxe4
15. e3 Bg6 16. Qc1 h6 17. Bd4 Rad8 18. Rd1 Bxd4 19. Nxd4 Ndf6 20. Qb2 Rd7 21.
Bh3 Rd5 22. Ne2 Rh5 23. Nf4 Rxh3 24. Nxh3 Bh5 25. Nf4 Bxd1 26. Rxd1 b5 27. Na3
Ng5 28. Nc2 c5 29. Ne1 Qc6 30. h4 Nge4 31. Qc2 g5 32. hxg5 hxg5 33. Ne2 Nxf2 0-1

[Event "Xtracon Chess Open 2017"]
[Site "Helsingor DEN"]
[Date "2017.07.22"]
[Round "1.84"]
[White "Jaksland, Tim"]
[Black "Petersen, Rasmus"]
[Result "1-0"]
[WhiteTitle "FM"]
[WhiteElo "2227"]
[BlackElo "1737"]
[WhiteFideId "1401084"]
[BlackFideId "1448250"]
[EventDate "2017.07.22"]

1. d4 Nf6 2. Bf4 d5 3. e3 c5 4. c3 Nc6 5. Nd2 Bf5 6. Qb3 Qb6 7. dxc5 Qxb3 8.
axb3 e5 9. Bg3 Bxc5 10. b4 Bd6 11. Ngf3 Nd7 12. Bb5 O-O 13. O-O Rfe8 14. Rfe1
Bf8 15. Nb3 f6 16. Na5 Nxa5 17. Rxa5 Red8 18. Rea1 a6 19. Ba4 Nb6 20. Bb3 Kh8
21. h3 Bd3 22. Rd1 Bc4 23. Bc2 g6 24. Nxe5 1-0

[Event "Xtracon Chess Open 2017"]
[Site "Helsingor DEN"]
[Date "2017.07.22"]
[Round "1.85"]
[White "Madison, Sigurd"]
[Black "Thogersen, Rasmus"]
[Result "0-1"]
[WhiteElo "1736"]
[BlackElo "2222"]
[WhiteFideId "1711806"]
[BlackFideId "1431412"]
[EventDate "2017.07.22"]

1. e4 c5 2. Nf3 d6 3. d4 cxd4 4. Nxd4 Nf6 5. Nc3 g6 6. Be2 Bg7 7. Be3 O-O 8. O-O
Nc6 9. Nb3 Be6 10. f4 Rc8 11. Rb1 a6 12. Bf3 Na5 13. Qd2 Nc4 14. Qd3 Nxb2 15.
Rxb2 Bc4 16. Qd2 Bxf1 17. Kxf1 Nxe4 18. Nxe4 Bxb2 19. c3 Ba3 20. Ng5 Qc7 21. Bg4
e6 22. Bd4 e5 23. Be3 Qc4+ 24. Kf2 Rc7 25. Bf3 b5 26. Ne4 Kh8 27. fxe5 dxe5 28.
Bh6 Rfc8 29. Qg5 Qe6 30. h4 Be7 31. Qg3 f5 32. Qh3 Qf7 33. Ng5 Bxg5 34. Bxg5
Rxc3 35. Qg3 Qe6 36. Bd2 Rd3 37. Qg5 Rc2 38. Be2 Qb6+ 39. Be3 Qd6 40. Kf1 f4 41.
Bd2 Rdxd2 42. Nxd2 Rc1+ 43. Kf2 Qd4+ 44. Kf3 Qe3+ 45. Kg4 Qg3# 0-1

[Event "Xtracon Chess Open 2017"]
[Site "Helsingor DEN"]
[Date "2017.07.22"]
[Round "1.86"]
[White "Heimisson, Hilmir Freyr"]
[Black "Hafstad, Leif"]
[Result "1-0"]
[WhiteElo "2215"]
[BlackElo "1735"]
[WhiteFideId "2309998"]
[BlackFideId "438030"]
[EventDate "2017.07.22"]

1. d4 Nf6 2. Bg5 d5 3. Bxf6 exf6 4. e3 Bd6 5. c4 c6 6. cxd5 Bb4+ 7. Nc3 Qxd5 8.
a3 Bxc3+ 9. bxc3 O-O 10. Qd2 Qa5 11. Bd3 Bf5 12. Ne2 Bxd3 13. Qxd3 Nd7 14. O-O
Rad8 15. Rfb1 Rfe8 16. Nf4 b5 17. h3 Nb6 18. Qf5 Rc8 19. Qg4 Kh8 20. Nh5 Rg8 21.
Rc1 Qa4 22. e4 Qc4 23. Ng3 Rce8 24. Nf5 Qe6 25. Qf4 Nc4 26. Re1 a6 27. a4 Qd7
28. axb5 axb5 29. Qh4 Nd6 30. Nxd6 Qxd6 31. Ra7 Re7 32. e5 Qe6 33. Rxe7 Qxe7 34.
Ra1 g5 35. Qe4 fxe5 36. dxe5 Qc7 37. Qf5 Re8 38. f4 gxf4 39. Qxf4 Qxe5 40. Qxf7
Rg8 41. Qf3 b4 42. Rc1 bxc3 43. Rxc3 Qe1+ 44. Kh2 Qe5+ 45. g3 Rd8 46. Rc2 c5 47.
h4 Rg8 48. Rd2 Re8 49. Rc2 c4 50. Rxc4 Qe2+ 51. Qxe2 Rxe2+ 52. Kh3 Kg7 53. Kg4
Kf6 54. Rc6+ Kg7 1-0

[Event "Xtracon Chess Open 2017"]
[Site "Helsingor DEN"]
[Date "2017.07.22"]
[Round "1.87"]
[White "Schouten, Mathias Lind"]
[Black "Merkesvik, Sondre"]
[Result "0-1"]
[BlackTitle "FM"]
[WhiteElo "1734"]
[BlackElo "2211"]
[WhiteFideId "1532790"]
[BlackFideId "1514350"]
[EventDate "2017.07.22"]

1. e4 Nf6 2. e5 Nd5 3. c4 Nb6 4. d4 d6 5. Nf3 Bg4 6. Nbd2 Nc6 7. Be2 dxe5 8.
dxe5 g6 9. Ng5 Bf5 10. f4 Qd4 11. Nb3 Qxd1+ 12. Kxd1 f6 13. exf6 exf6 14. Nf3
O-O-O+ 15. Bd2 Bb4 16. a3 Bxd2 17. Nbxd2 Nd4 18. g4 Nxf3 19. Bxf3 Nxc4 20. gxf5
Nxd2 21. Ke2 Rhe8+ 22. Kf2 gxf5 23. Rhe1 Ne4+ 24. Bxe4 fxe4 25. Rad1 f5 26. Ke2
Rg8 27. Rg1 Rg6 28. Rxg6 hxg6 29. Rg1 Rh8 30. Rxg6 Rxh2+ 31. Ke3 Rxb2 32. a4 Rc2
33. Kd4 b6 34. Rf6 Rc5 0-1

[Event "Xtracon Chess Open 2017"]
[Site "Helsingor DEN"]
[Date "2017.07.22"]
[Round "1.88"]
[White "Laustsen, Lars"]
[Black "Afsari-Rad, Aidin"]
[Result "1-0"]
[WhiteElo "2204"]
[BlackElo "1733"]
[WhiteFideId "1407554"]
[BlackFideId "1527177"]
[EventDate "2017.07.22"]

1. d4 Nf6 2. c4 g6 3. g3 c6 4. Bg2 d5 5. Nf3 Bg7 6. O-O O-O 7. Nc3 dxc4 8. Ne5
Ng4 9. Nxc4 Qxd4 10. Qb3 Na6 11. Na5 e5 12. h3 Nf6 13. Be3 Qd7 14. Rfd1 Qc7 15.
Qa3 Re8 16. Rac1 Bf8 17. Qa4 b5 18. Nxb5 cxb5 19. Qh4 Qxa5 20. Bxa8 Bg7 21. Bc6
Rf8 22. Bg5 Nb4 23. Bd2 Nxc6 24. Bxa5 Nxa5 25. Qb4 Nc4 26. Qxb5 Nb6 27. Qa5 Bxh3
28. Qxa7 Nc8 29. Qa8 Nh5 30. Rd8 Ne7 1-0

[Event "Xtracon Chess Open 2017"]
[Site "Helsingor DEN"]
[Date "2017.07.22"]
[Round "1.89"]
[White "Tolba, Henri"]
[Black "Schmidt, Kristen"]
[Result "0-1"]
[WhiteElo "1729"]
[BlackElo "2201"]
[WhiteFideId "1418246"]
[BlackFideId "1400436"]
[EventDate "2017.07.22"]

1. d4 g6 2. Bf4 Bg7 3. Nf3 Nf6 4. e3 O-O 5. Bd3 d6 6. Nbd2 Nc6 7. Bg3 Re8 8. e4
Nh5 9. c3 Nxg3 10. hxg3 e5 11. d5 Nb8 12. Nf1 Nd7 13. Bb5 Rf8 14. Bxd7 Bxd7 15.
Qd2 c5 16. a4 Qe7 17. Ng5 h5 18. Nf3 b6 19. Ne3 Bh6 20. Qe2 Kg7 21. O-O Rfb8 22.
c4 a6 23. b3 Rb7 24. Nh2 Rh8 25. Nf3 Rhb8 26. Nh2 b5 27. axb5 axb5 28. Qa2 Bxe3
29. fxe3 bxc4 30. bxc4 Rb2 31. Qa7 R8b7 32. Qa8 Bg4 33. Nxg4 hxg4 34. Ra7 Rxa7 0-1

[Event "Xtracon Chess Open 2017"]
[Site "Helsingor DEN"]
[Date "2017.07.22"]
[Round "1.90"]
[White "Bach, Matthias"]
[Black "Horslund, Mikael"]
[Result "1-0"]
[WhiteTitle "FM"]
[WhiteElo "2200"]
[BlackElo "1726"]
[WhiteFideId "4603168"]
[BlackFideId "1421042"]
[EventDate "2017.07.22"]

1. d4 d6 2. f4 Nf6 3. Nf3 g6 4. c4 Bg7 5. Nc3 O-O 6. e4 c5 7. d5 Bg4 8. Be2 Ne8
9. O-O Nd7 10. h3 Bxf3 11. Bxf3 Nc7 12. Qd3 Rb8 13. Bd2 a6 14. a4 b6 15. Rae1 b5
16. axb5 axb5 17. cxb5 Rb6 18. Be2 Qb8 19. Qg3 Ne8 20. Bg4 Nef6 21. Bf3 Ne8 22.
Re2 Nc7 23. e5 Nxb5 24. Nxb5 Rxb5 25. Bc3 Nb6 26. Qh4 Nc8 27. Rfe1 Qc7 28. Kh1
Rb7 29. f5 dxe5 30. fxg6 hxg6 31. Rxe5 Rb4 32. R5e4 Rxe4 33. Qxe4 Qb6 34. Bxg7
Kxg7 35. Qe5+ Qf6 36. Qc7 Qxb2 37. Qxc5 Qf6 38. Qc7 Qh4 39. Re4 Qf6 40. Rf4 Qa1+
41. Kh2 Qa7 42. Qc3+ f6 43. Rc4 Qb8+ 44. Rc7 Kg8 45. Bg4 f5 46. Be2 Rf7 47. Qg3
Rg7 48. Ba6 Nd6 49. Rc8+ 1-0

[Event "Xtracon Chess Open 2017"]
[Site "Helsingor DEN"]
[Date "2017.07.22"]
[Round "1.91"]
[White "Svensson, Anders 1980"]
[Black "Quinones-Maletti, Julio Guillerm"]
[Result "0-1"]
[WhiteElo "1723"]
[BlackElo "2200"]
[WhiteFideId "1727818"]
[BlackFideId "1462318"]
[EventDate "2017.07.22"]

1. e4 c5 2. c3 Nf6 3. e5 Nd5 4. d4 cxd4 5. Nf3 Nc6 6. cxd4 g6 7. Bc4 Nb6 8. Bb3
Bg7 9. O-O O-O 10. Nc3 d6 11. Bf4 Bg4 12. exd6 Nxd4 13. dxe7 Qxe7 14. Re1 Qc5
15. Ne4 Qh5 16. Re3 Rad8 17. Rd3 Nxf3+ 18. gxf3 Rxd3 19. Qxd3 Bxf3 20. Ng3 Qg4
21. Bd6 Rd8 22. h3 Be2 23. Qe3 Qf3 24. Qe7 Qf6 25. Bxf7+ Kh8 26. Nxe2 Qxd6 27.
Qxd6 Rxd6 28. Nc3 Bd4 29. Bb3 Rf6 30. Rf1 Kg7 31. Ne4 Rc6 32. Rb1 Nc4 33. Bxc4
Rxc4 34. b3 Rc7 35. Kg2 Re7 36. f3 Be5 37. Rd1 Bf4 38. Re1 Rc7 39. Re2 Rc1 40.
Nf2 Rc7 41. Nd3 Bd6 42. Nf2 Kf7 43. Ne4 Bf4 44. Nf2 a6 45. Nd3 Bd6 46. Nf2 b6
47. Ne4 Bf4 48. Nf2 b5 49. Nd3 Bd6 50. Nf2 Rc8 51. Ne4 Bf4 52. Nf2 Kf6 53. Nd3
Bd6 54. Nf2 Kf5 55. Ne4 Bf4 56. Nf2 Rc3 57. Ne4 Re3 58. Kf2 Rxe2+ 59. Kxe2 Bc7
60. Nc5 Bd6 61. Ne4 Bb4 62. a4 bxa4 63. bxa4 Kf4 64. Nf2 Kg3 65. Nd3 Bd6 66. Nf2
Be7 67. Ne4+ Kxh3 68. Nf2+ Kg2 69. Ng4 h5 70. Ne5 g5 71. Nc6 Bf6 72. Nb8 h4 73.
Nd7 Bd4 74. Nf8 h3 75. Ne6 h2 76. Nxd4 h1=Q 77. Kd3 Qa1 0-1

[Event "Xtracon Chess Open 2017"]
[Site "Helsingor DEN"]
[Date "2017.07.22"]
[Round "1.92"]
[White "Leutwyler, Martin"]
[Black "Rolstad, Morten"]
[Result "1-0"]
[WhiteElo "2198"]
[BlackElo "1720"]
[WhiteFideId "1301969"]
[BlackFideId "1525026"]
[EventDate "2017.07.22"]

1. d4 Nf6 2. Nf3 d5 3. c4 c6 4. g3 e6 5. Bg2 Nbd7 6. O-O Bd6 7. Nbd2 O-O 8. Qc2
e5 9. cxd5 cxd5 10. dxe5 Nxe5 11. Nxe5 Bxe5 12. Nf3 Bd6 13. Rd1 h6 14. b3 Bg4
15. Bb2 Rc8 16. Qd3 Qe7 17. Bxf6 Qxf6 18. Qxd5 Rfd8 19. Qxb7 Rc2 20. Nd4 Rc7 21.
Qe4 Bd7 22. Rac1 Rdc8 23. Rxc7 Rxc7 24. Qd3 Bc5 25. e3 Ba3 26. Be4 g6 27. Nb5
Bxb5 28. Qxb5 Qe7 29. Qd5 Kg7 30. Kg2 Bb2 31. Rd2 Qe5 32. Qxe5+ Bxe5 33. f4 Bc3
34. Rd5 Kf6 35. Kf3 Ke6 36. Rd8 Ba5 37. Bd5+ Ke7 38. Rh8 h5 39. Bc4 Bc3 40. Rb8
a5 41. Ra8 Bb4 42. e4 Rd7 43. e5 Bc3 44. Rg8 Bb2 45. e6 fxe6 46. Rxg6 Bf6 47.
Rh6 Rd2 48. Rxh5 Rxa2 49. Rh7+ Kd6 50. Ra7 Bc3 51. Ra6+ Kc5 52. Bxe6 Rxh2 53. g4
Rd2 54. Ra8 Rd6 55. f5 Kd4 56. g5 Ke5 57. Rb8 Rd3+ 58. Kg4 Be1 59. Rb5+ Kd6 60.
Rb6+ Ke5 61. Rb5+ Kd6 62. Bc4 Rd4+ 63. Kh5 a4 64. Rb6+ Kc5 65. Ra6 axb3 66. Bxb3
Rd6 67. Ra8 Bc3 68. Rc8+ Kb4 69. Rxc3 Kxc3 70. g6 Kxb3 71. g7 Rd1 72. g8=Q+ Kc3
73. Qc8+ 1-0

[Event "Xtracon Chess Open 2017"]
[Site "Helsingor DEN"]
[Date "2017.07.22"]
[Round "1.93"]
[White "Christiansen, Torsten Sundgaar"]
[Black "Miskulin, Dennis"]
[Result "1/2-1/2"]
[WhiteElo "1718"]
[BlackElo "2198"]
[WhiteFideId "1419714"]
[BlackFideId "1705520"]
[EventDate "2017.07.22"]

1. Nf3 Nf6 2. b3 c5 3. Bb2 e6 4. e3 b6 5. Be2 Bb7 6. d3 d5 7. Nbd2 Bd6 8. Ne5
Nc6 9. d4 O-O 10. f4 Bxe5 11. fxe5 Nd7 12. O-O cxd4 13. exd4 f6 14. Bg4 f5 15.
Bh5 b5 16. Be2 Qb6 17. Nf3 Ndxe5 18. Nxe5 Nxe5 19. Qe1 Nd7 20. a4 bxa4 21. Rxa4
Nf6 22. Ba3 Rfe8 23. Bc5 Qc7 24. Bb5 Bc6 25. Bxc6 Qxc6 26. Qa5 Ne4 27. Rfa1 Reb8
28. b4 a6 29. R4a2 Rb5 30. Qa3 Nxc5 31. dxc5 Kf7 32. c4 Rbb8 33. Qc3 Rd8 34.
cxd5 Qxd5 35. c6 Qb5 36. Ra5 Qb6+ 37. Kf1 Rd4 38. Qc5 Qxc5 39. Rxc5 Rxb4 40. c7
Rc8 41. Rxa6 Rb7 42. Re5 Rcxc7 43. Raxe6 Rb2 44. Re2 Rc1+ 45. Kf2 Rcc2 46. Rxc2
Rxc2+ 47. Re2 Rxe2+ 48. Kxe2 Kf6 49. Kf3 Ke5 50. Ke3 g5 51. g3 g4 52. Kd3 Kf6
53. Ke3 Kg5 54. Ke2 h5 55. Ke3 f4+ 56. gxf4+ Kf5 57. Kf2 Kxf4 58. Kg2 h4 59. Kf2
Ke4 60. Kg2 Ke3 61. Kf1 Kf3 62. Kg1 Ke2 63. Kg2 h3+ 64. Kg1 Ke1 65. Kh1 Kf1 1/2-1/2

[Event "Xtracon Chess Open 2017"]
[Site "Helsingor DEN"]
[Date "2017.07.22"]
[Round "1.94"]
[White "Jorgensen, Dennis"]
[Black "Kirkebaekke, Mark"]
[Result "1-0"]
[WhiteElo "2197"]
[BlackElo "1716"]
[WhiteFideId "1408380"]
[BlackFideId "1414917"]
[EventDate "2017.07.22"]

1. d4 d5 2. Nf3 c5 3. e3 Bf5 4. Bb5+ Nc6 5. O-O e6 6. c4 dxc4 7. Na3 Bd3 8. Ne5
Bxf1 9. Qf3 Nf6 10. Nxc6 bxc6 11. Bxc6+ Nd7 12. Bxa8 Bd3 13. Bc6 Qa5 14. Qd1
cxd4 15. Nb5 dxe3 16. Bxe3 a6 17. Nc3 Bd6 18. Qg4 Rg8 19. Nd5 Bg6 20. Nb6 Bf5
21. Bxd7+ Ke7 22. Qh4+ f6 23. Nxc4 Qb4 24. a3 Bxh2+ 25. Kxh2 Qb8+ 26. Qf4 Qxf4+
27. Bxf4 Kxd7 28. Rd1+ Ke7 29. Bd6+ Kf7 30. Bb4 e5 31. Rd6 Be6 32. Rc6 Bd5 33.
Nd6+ Kg6 34. Rxa6 Ra8 35. Rxa8 Bxa8 36. Bc3 e4 37. Kg3 h6 38. b4 Kh7 39. b5 e3
40. fxe3 Kg8 41. b6 1-0

[Event "Xtracon Chess Open 2017"]
[Site "Helsingor DEN"]
[Date "2017.07.22"]
[Round "1.95"]
[White "Nielsen, Palle"]
[Black "Schroeder, Christoph"]
[Result "0-1"]
[WhiteElo "1715"]
[BlackElo "2196"]
[WhiteFideId "1408526"]
[BlackFideId "4605250"]
[EventDate "2017.07.22"]

1. e4 c5 2. Nf3 Nc6 3. d4 cxd4 4. Nxd4 g6 5. Be3 Bg7 6. Nxc6 bxc6 7. c3 Nf6 8.
Bd3 O-O 9. O-O d5 10. Nd2 e5 11. f3 Nh5 12. Qc2 Nf4 13. Bxf4 exf4 14. Rad1 Qb6+
15. Kh1 Rb8 16. Nb3 a5 17. Qf2 a4 18. Nc5 Qxb2 19. Nxa4 Qa3 20. Qc2 Be6 21. Rb1
Rxb1 22. Rxb1 Ra8 23. Nb6 Rb8 24. c4 dxe4 25. Bxe4 Bd4 26. Qd2 Be3 27. Qd1 Rxb6
28. Qd8+ Qf8 0-1

[Event "Xtracon Chess Open 2017"]
[Site "Helsingor DEN"]
[Date "2017.07.22"]
[Round "1.96"]
[White "Andersen, Morten"]
[Black "Kumpen, Jona"]
[Result "1-0"]
[WhiteElo "2193"]
[BlackElo "1711"]
[WhiteFideId "1504908"]
[BlackFideId "238520"]
[EventDate "2017.07.22"]

1. c4 Nf6 2. g3 e6 3. Bg2 d5 4. Nf3 Be7 5. O-O O-O 6. d4 b6 7. cxd5 exd5 8. Bf4
Bb7 9. Nc3 a6 10. Rc1 c5 11. dxc5 Bxc5 12. Be5 Nbd7 13. Bd4 Bxd4 14. Qxd4 Nc5
15. Rfd1 Qd6 16. Qf4 Qxf4 17. gxf4 Rfd8 18. e3 Rac8 19. Bh3 Rc7 20. Na4 Rc6 21.
Nd4 Rcd6 22. Nxc5 bxc5 23. Rxc5 Rb6 24. b3 Ne8 25. Bg2 Nf6 26. Ne2 Rbd6 27. Rc7
R8d7 28. Rdc1 Rxc7 29. Rxc7 Rd7 30. Rxd7 Nxd7 31. Nc3 Nf6 32. b4 Kf8 33. Kf1 Ke7
34. Ke2 Kd6 35. h3 Nd7 36. Kd3 h6 37. Kd4 Nf6 38. Na4 Nd7 39. Nc5 Nxc5 40. bxc5+
Ke6 41. Bxd5+ 1-0

[Event "Xtracon Chess Open 2017"]
[Site "Helsingor DEN"]
[Date "2017.07.22"]
[Round "1.97"]
[White "Gardarsson, Hordur"]
[Black "Olsen, Filip Boe"]
[Result "0-1"]
[BlackTitle "FM"]
[WhiteElo "1710"]
[BlackElo "2189"]
[WhiteFideId "2303604"]
[BlackFideId "1440640"]
[EventDate "2017.07.22"]

1. c4 c6 2. d4 d5 3. Nf3 Nf6 4. e3 Bf5 5. Nc3 a6 6. b3 e6 7. Bd3 Bb4 8. Qc2 Ne4
9. Bxe4 Bxe4 10. Qd2 Qf6 11. Ke2 Qg6 12. Ne1 Bxg2 13. Nxg2 Qxg2 14. Bb2 Qg4+ 15.
Kd3 Qf5+ 16. Ke2 Nd7 17. a3 Bd6 18. Qd3 Qh5+ 19. Kd2 O-O-O 20. Rac1 dxc4 21.
Qxc4 Kb8 22. Kc2 Qf5+ 23. Qd3 Qxf2+ 24. Kb1 Qh4 25. b4 Nf6 26. Na4 Qe4 27. Qxe4
Nxe4 28. Rc2 Rhg8 29. Rhc1 g5 30. Nb6 g4 31. Nc4 Bc7 32. a4 Rd5 33. Na3 Bd6 34.
b5 axb5 35. axb5 Bxa3 36. Bxa3 Rxb5+ 37. Ka2 h5 0-1

[Event "Xtracon Chess Open 2017"]
[Site "Helsingor DEN"]
[Date "2017.07.22"]
[Round "1.98"]
[White "Moe, Mogens"]
[Black "Olsen, Kim Alex"]
[Result "1-0"]
[WhiteTitle "FM"]
[WhiteElo "2188"]
[BlackElo "1706"]
[WhiteFideId "1400550"]
[BlackFideId "1406663"]
[EventDate "2017.07.22"]

1. e4 Nc6 2. d4 e6 3. d5 exd5 4. exd5 Ne5 5. Qe2 Qe7 6. d6 cxd6 7. Nc3 Nf6 8.
Bg5 Neg4 9. h3 Qxe2+ 10. Ngxe2 Ne5 11. Nb5 Kd8 12. O-O-O Be7 13. Nxd6 b6 14. f4
Bxd6 15. Rxd6 Nc4 16. Rxf6 Kc7 17. Rxf7 Bb7 18. Nc3 Ne3 19. Bb5 Rad8 20. Bxd8+
Rxd8 21. Re1 Nxg2 22. Ree7 Bc6 23. Bxc6 Kxc6 24. Ne2 Kd6 25. Rxg7 h6 26. Nd4 Nh4
27. Re5 Rf8 28. Rg4 Rxf4 29. Rxf4 Kxe5 30. Rxh4 1-0

[Event "Xtracon Chess Open 2017"]
[Site "Helsingor DEN"]
[Date "2017.07.22"]
[Round "1.99"]
[White "Gottschalck, Christian"]
[Black "Grove, Peter"]
[Result "0-1"]
[WhiteElo "1705"]
[BlackElo "2182"]
[WhiteFideId "1428357"]
[BlackFideId "1411101"]
[EventDate "2017.07.22"]

1. e4 e6 2. d4 d5 3. Nc3 Nf6 4. e5 Nfd7 5. f4 c5 6. Nf3 Nc6 7. Be3 h6 8. h4 Be7
9. g3 a6 10. a4 Qa5 11. Bd2 Qb6 12. dxc5 Bxc5 13. Rh2 f6 14. a5 Qc7 15. Qe2 fxe5
16. fxe5 O-O 17. Bf4 Nd4 18. Nxd4 Bxd4 19. Qd2 Bxe5 20. Bh3 Nf6 21. Rg2 Kh8 22.
Re2 Bxf4 23. gxf4 Nh5 24. Ra4 Bd7 25. Nxd5 exd5 26. Re7 Rae8 27. Qe3 Rxe7 0-1

[Event "Xtracon Chess Open 2017"]
[Site "Helsingor DEN"]
[Date "2017.07.22"]
[Round "1.100"]
[White "Rolvag, Mikael"]
[Black "Lindgaard, Tobias Simon"]
[Result "1-0"]
[WhiteElo "2182"]
[BlackElo "1705"]
[WhiteFideId "1500481"]
[BlackFideId "1419820"]
[EventDate "2017.07.22"]

1. d4 d5 2. Nf3 Nf6 3. c4 e6 4. Bg5 Be7 5. Nc3 O-O 6. e3 h6 7. Bh4 Ne4 8. Bxe7
Qxe7 9. Qb3 Nxc3 10. bxc3 c6 11. Be2 Nd7 12. cxd5 exd5 13. O-O Nf6 14. c4 Be6
15. Rab1 Rab8 16. Rb2 Ne4 17. Rfb1 Rfc8 18. Rc1 b6 19. Rbc2 Nd6 20. cxd5 Bxd5
21. Qa3 Kf8 22. Ne5 c5 23. dxc5 bxc5 24. Nd3 Nb5 25. Qa5 c4 26. Nf4 Be4 27. Rxc4
Rxc4 28. Bxc4 Qa3 29. Qxa3+ Nxa3 30. Bb3 Bc2 31. h3 Bxb3 32. axb3 Rxb3 33. Rc8+
Ke7 34. Rc7+ Kf6 35. Rxa7 Nc4 36. Ra6+ Rb6 37. Nd5+ 1-0

[Event "Xtracon Chess Open 2017"]
[Site "Helsingor DEN"]
[Date "2017.07.22"]
[Round "1.101"]
[White "Kristensen, Lars Ostergaard"]
[Black "Petersen, Peter Birk"]
[Result "0-1"]
[WhiteElo "1701"]
[BlackElo "2179"]
[WhiteFideId "1415018"]
[BlackFideId "1401696"]
[EventDate "2017.07.22"]

1. d4 Nf6 2. c4 g6 3. Nc3 Bg7 4. e4 d6 5. f3 O-O 6. Bg5 c5 7. d5 e6 8. Qd2 exd5
9. Nxd5 Be6 10. Ne2 Bxd5 11. exd5 Re8 12. O-O-O Nbd7 13. Nc3 a6 14. h4 h5 15. g4
Qa5 16. Be2 b5 17. Qc2 b4 18. Na4 Rxe2 19. Qxe2 Qxa4 20. b3 Qa5 21. Bf4 Re8 22.
Qg2 Ne5 23. g5 Nfd7 24. Kb1 Nxc4 25. bxc4 b3 26. Rh2 Qc3 27. Qb2 bxa2+ 28. Kxa2
Qxc4+ 29. Qb3 Qxf4 30. Rhh1 Re2+ 0-1

[Event "Xtracon Chess Open 2017"]
[Site "Helsingor DEN"]
[Date "2017.07.22"]
[Round "1.102"]
[White "Palozza, Christian"]
[Black "Kristiansen, Snorre"]
[Result "1-0"]
[WhiteElo "2178"]
[BlackElo "1699"]
[WhiteFideId "895580"]
[BlackFideId "1530011"]
[EventDate "2017.07.22"]

1. d4 Nf6 2. c4 e6 3. Nf3 Bb4+ 4. Bd2 Qe7 5. g3 Nc6 6. Bg2 Bxd2+ 7. Nbxd2 O-O 8.
O-O d5 9. Rc1 Rd8 10. e3 e5 11. cxd5 Nxd5 12. Nxe5 Nxe5 13. dxe5 Nb6 14. Qc2
Qxe5 15. Nf3 Qa5 16. Qxc7 Be6 17. Nd4 Qxa2 18. Nxe6 fxe6 19. Bxb7 Rab8 20. Rfd1
Nd5 21. Bxd5 exd5 22. Ra1 Qxb2 23. Rxa7 Rf8 24. Rf1 Rf5 25. Ra2 Qxa2 26. Qxb8+
Rf8 27. Qe5 h6 28. Qe6+ Kh8 29. e4 Rd8 30. e5 Qe2 31. Qe7 Ra8 32. Rc1 d4 33. Qc5
d3 34. Qe3 d2 35. Rf1 Qxe3 36. fxe3 Re8 37. Rd1 Rxe5 38. Kf2 Rh5 39. Kg2 Re5 40.
Kf3 Rd5 41. e4 Ra5 42. Rxd2 Kg8 43. h4 Kf7 44. Rd5 Ra1 45. Rb5 Kf6 46. Rb6+ Ke5
47. Rb5+ Kf6 48. Rb6+ Ke5 49. Rb5+ Ke6 50. Rc5 Rf1+ 51. Kg4 Re1 52. Rc4 Ke5 53.
Kh5 Kf6 54. g4 Rg1 55. Rc6+ Kf7 56. e5 Re1 57. e6+ Kf6 58. g5+ hxg5 59. hxg5+
Kf5 60. Rc5+ Kxe6 61. Kg6 Kd6 62. Rf5 Ke6 63. Ra5 Ke7 64. Ra7+ Ke8 65. Kxg7 Re6
66. g6 Rb6 67. Kh7 Rb1 68. g7 Rh1+ 69. Kg8 Rg1 70. Ra2 Rh1 71. Re2+ Kd7 72. Re4
Kd6 73. Kf7 Rf1+ 74. Kg6 Rg1+ 75. Kf6 Rf1+ 76. Kg5 Rg1+ 77. Rg4 1-0